[Event "London Classic Superrapid"]
[Site "London ENG"]
[Date "2015.12.13"]
[Round "8.9"]
[White "Hebden, Mark L"]
[Black "Hillarp Persson, Tiger"]
[Result "0-1"]
[WhiteTitle "GM"]
[BlackTitle "GM"]
[WhiteElo "2467"]
[BlackElo "2539"]
[WhiteFideId "400084"]
[BlackFideId "1700812"]
[EventDate "2015.12.12"]

1. d4 g6 2. e4 Bg7 3. Nf3 d6 4. Bc4 Nf6 5. Qe2 O-O 6. e5 Ne8 7. Nc3 Bg4 8. Bf4
c6 9. h3 Bxf3 10. Qxf3 d5 11. Bb3 e6 12. Ne2 Nd7 13. Qe3 f6 14. exf6 Qxf6 15.
O-O e5 16. dxe5 Nxe5 17. Bxe5 Qxe5 18. Qxe5 Bxe5 19. c3 Nd6 20. Rad1 Rae8 21.
Rfe1 Kg7 22. Nc1 g5 23. Nd3 Bf6 24. Nc5 Kf7 25. Bc2 h6 26. Bd3 Rxe1+ 27. Rxe1
Re8 28. Rd1 Bd8 29. Kf1 Bb6 30. Nb3 Kf6 31. a4 a5 32. Nd2 Re7 33. c4 Ne4 34.
Bxe4 dxe4 35. Re1 e3 36. fxe3 Bxe3 37. Nf3 Kf5 38. Rd1 h5 39. Rd8 g4 40. Rf8+
Ke4 41. hxg4 hxg4 42. Nh2 Kd3 43. Nxg4 Bd4 44. b3 Kc2 45. Rf3 Re4 46. Nf2 Re3
47. Rf7 Rxb3 48. Ke2 Re3+ 49. Kf1 b6 50. g4 Rg3 51. Rf4 c5 52. Ne4 Rg1+ 53. Ke2
Kb3 54. Nd2+ Kxa4 55. Nf3 Rg2+ 56. Kd3 Bb2 57. Rf8 Rxg4 58. Rb8 Rg6 59. Kc2 Bd4
60. Nxd4 cxd4 61. Kd3 Kb4 62. Kxd4 Rd6+ 63. Ke5 Rc6 64. Kd5 Rc5+ 65. Kd6 Rxc4
66. Rxb6+ Kc3 67. Kd5 a4 68. Rh6 Rd4+ 69. Kc5 Rd3 70. Ra6 Kb3 71. Rb6+ Kc2 72.
Kc4 Rc3+ 73. Kd4 a3 74. Rh6 Kb2 75. Ra6 Rb3 76. Rh6 a2 0-1

[Event "London Classic Superrapid"]
[Site "London ENG"]
[Date "2015.12.13"]
[Round "8.10"]
[White "Eggleston, David J"]
[Black "Pert, Nicholas"]
[Result "1/2-1/2"]
[WhiteTitle "IM"]
[BlackTitle "GM"]
[WhiteElo "2399"]
[BlackElo "2569"]
[WhiteFideId "412120"]
[BlackFideId "403989"]
[EventDate "2015.12.12"]

1. e4 e6 2. d4 d5 3. Nc3 Bb4 4. e5 c5 5. a3 Bxc3+ 6. bxc3 Ne7 7. Qg4 Qc7 8. Qxg7
Rg8 9. Qxh7 cxd4 10. Ne2 dxc3 11. f4 Bd7 12. Qd3 Na6 13. Qxc3 Qxc3+ 14. Nxc3 Rc8
15. Bd2 Nc5 16. Nb5 Ne4 17. Nd4 Nf5 18. Nxf5 exf5 19. Rc1 d4 20. Rg1 Rh8 21. h3
Rg8 22. g4 fxg4 23. hxg4 Rxg4 24. Rxg4 Bxg4 25. Bd3 Nc5 26. Kf2 Kd7 27. Bb5+ Ke6
28. Bc4+ Kf5 29. Bd3+ Ne4+ 30. Bxe4+ Kxe4 31. Re1+ Kf5 32. Rc1 Rh8 33. Kg2 Rh3
34. Rb1 Rxa3 35. Rb4 d3 36. Rxb7 Bh5 37. Rb2 Bg6 38. cxd3 Rxd3 39. Kf2 Ra3 40.
Rb5 Ke4 41. e6 fxe6 42. Re5+ Kd3 43. Rxe6 Be4 44. Rd6+ Kc4 45. Be3 Kc3 46. Bd2+
Kc2 47. Be3 a5 48. Rf6 Rb3 49. Re6 Bd3 50. f5 Rb5 51. f6 Rf5+ 52. Kg3 a4 53.
Rc6+ Kb3 54. Rb6+ Kc3 55. Rc6+ Bc4 56. Bc1 Kb3 57. Rb6+ Kc2 58. Ba3 Be2 59. Be7
a3 60. Rc6+ Kb3 61. Rb6+ Kc4 62. Rb4+ Kd5 63. Ra4 Rf3+ 64. Kg2 Bd1 65. Ra5+ Ke6
66. Ra6+ Kf7 67. Rd6 Be2 68. Rd2 Re3 69. Kf2 Re6 70. Bxa3 Kxf6 71. Rxe2 Rxe2+
72. Kxe2 1/2-1/2

[Event "London Classic Superrapid"]
[Site "London ENG"]
[Date "2015.12.13"]
[Round "8.11"]
[White "Baron, Tal"]
[Black "Hammer, Jon Ludvig"]
[Result "0-1"]
[WhiteTitle "GM"]
[BlackTitle "GM"]
[WhiteElo "2544"]
[BlackElo "2682"]
[WhiteFideId "2809958"]
[BlackFideId "1503707"]
[EventDate "2015.12.12"]

1. d4 Nf6 2. c4 e6 3. Nc3 Bb4 4. f3 O-O 5. a3 Bxc3+ 6. bxc3 Nh5 7. Nh3 f5 8. Nf2
d6 9. e4 Nc6 10. Bd3 Qe8 11. O-O Bd7 12. a4 fxe4 13. Nxe4 Nf4 14. Bc2 Na5 15. g3
Nh5 16. c5 Nf6 17. cxd6 Nxe4 18. Bxe4 cxd6 19. Ba3 Bxa4 20. Qb1 Nc4 21. Qxb7 Rb8
22. Qxa7 Rf7 0-1

[Event "London Classic Superrapid"]
[Site "London ENG"]
[Date "2015.12.13"]
[Round "8.12"]
[White "Grigoriants, Sergey"]
[Black "Karthik, V. AP"]
[Result "1/2-1/2"]
[WhiteTitle "GM"]
[WhiteElo "2603"]
[BlackElo "2310"]
[WhiteFideId "4130804"]
[BlackFideId "25006479"]
[EventDate "2015.12.12"]

1. c4 c5 2. Nf3 b6 3. Nc3 Bb7 4. e3 g6 5. d4 cxd4 6. exd4 Bg7 7. d5 Nf6 8. Be2
O-O 9. O-O e6 10. Bf4 exd5 11. cxd5 Re8 12. Re1 Na6 13. Bxa6 Bxa6 14. Qd2 Rxe1+
15. Rxe1 Qf8 16. h3 Re8 17. Rxe8 Qxe8 18. Be5 Qe7 19. Qd4 d6 20. Qb4 Bb7 21.
Bxd6 Qd8 22. Be5 Nxd5 23. Qd4 f6 24. Bg3 Qd7 25. Qc4 Qc6 26. Qb3 Kh8 27. Nb5 f5
28. Nd6 h6 29. Ne5 Bxe5 30. Bxe5+ Kh7 31. Kh2 Ba8 32. f3 Qd7 33. Qc4 Qe6 34. Qd4
Bc6 35. Nc4 Qe7 36. a3 Qc5 37. Qxc5 1/2-1/2

[Event "London Classic Superrapid"]
[Site "London ENG"]
[Date "2015.12.13"]
[Round "8.13"]
[White "Arakhamia-Grant, Ketevan"]
[Black "Speelman, Jon S"]
[Result "1/2-1/2"]
[WhiteTitle "GM"]
[BlackTitle "GM"]
[WhiteElo "2353"]
[BlackElo "2517"]
[WhiteFideId "13600168"]
[BlackFideId "400033"]
[EventDate "2015.12.12"]

1. e4 g6 2. d4 Bg7 3. Nc3 d6 4. Be3 a6 5. Nf3 Nf6 6. Qd2 Ng4 7. Bg5 h6 8. Bh4 g5
9. Bg3 Nf6 10. h3 b5 11. Bd3 Bb7 12. a3 c5 13. dxc5 dxc5 14. e5 Nh5 15. e6 c4
16. Be4 Qxd2+ 17. Nxd2 Bxe4 18. exf7+ Kxf7 19. Ndxe4 Nc6 20. O-O-O Nxg3 21. fxg3
Rhd8 22. Rhf1+ Ke8 23. Nd5 Rac8 24. Rfe1 Bd4 25. Ne3 Bxe3+ 26. Rxe3 Rxd1+ 27.
Kxd1 Rd8+ 28. Kc1 Nd4 29. g4 Kf7 30. g3 Rd5 31. h4 Ne6 32. Rf3+ Ke8 33. Rf5 Rd4
34. Re5 Kf7 35. Rf5+ Kg6 36. Re5 Kf7 37. Rf5+ Kg6 1/2-1/2

[Event "London Classic Superrapid"]
[Site "London ENG"]
[Date "2015.12.13"]
[Round "8.14"]
[White "Edouard, Romain"]
[Black "Arkell, Keith C"]
[Result "1-0"]
[WhiteTitle "GM"]
[BlackTitle "GM"]
[WhiteElo "2635"]
[BlackElo "2499"]
[WhiteFideId "633429"]
[BlackFideId "400270"]
[EventDate "2015.12.12"]

1. Nf3 Nf6 2. b3 c5 3. Bb2 Nc6 4. e3 e6 5. c4 Be7 6. Be2 O-O 7. O-O b6 8. d3 Bb7
9. e4 d6 10. Nbd2 Nd7 11. a3 Bf6 12. Bxf6 Qxf6 13. Rb1 a5 14. Ne1 Nd4 15. f4 g5
16. g3 gxf4 17. Rxf4 Qh6 18. Nef3 Nxf3+ 19. Nxf3 Ne5 20. Qd2 Kh8 21. Nh4 Qg7 22.
Rbf1 Bc6 23. d4 Ng6 24. Nxg6+ fxg6 25. dxc5 dxc5 26. Qd6 Rxf4 27. Rxf4 Qd4+ 28.
Qxd4+ cxd4 29. e5 Rd8 30. Bd3 Kg7 31. Rf6 Bd7 32. Kf2 Rb8 33. Rf4 Rf8 34. Rxf8
Kxf8 35. Be4 b5 36. c5 Ke7 37. Ke2 Be8 38. Kd3 Kd8 39. Kxd4 Kc7 40. h4 h6 41. c6
Kb6 42. c7 Kxc7 43. Kc5 g5 44. hxg5 hxg5 45. b4 axb4 46. axb4 Bd7 47. Bd3 Bc6
48. Bxb5 Bf3 49. Be8 Bd5 50. b5 Be4 51. Bc6 Bf5 52. b6+ Kb8 53. Kd6 Bg4 54. Bd7 1-0

[Event "London Classic Superrapid"]
[Site "London ENG"]
[Date "2015.12.13"]
[Round "8.16"]
[White "Guramishvili, Sopiko"]
[Black "Kasimdzhanov, Rustam"]
[Result "0-1"]
[WhiteTitle "IM"]
[BlackTitle "GM"]
[WhiteElo "2371"]
[BlackElo "2702"]
[WhiteFideId "13602888"]
[BlackFideId "14200244"]
[EventDate "2015.12.12"]

1. Nf3 d5 2. c4 e6 3. d4 Nf6 4. Nc3 c6 5. e3 Nbd7 6. Qc2 g6 7. Bd3 Bg7 8. O-O
O-O 9. b3 b6 10. Bb2 Bb7 11. Rfd1 Rc8 12. Qe2 Re8 13. Ne5 Qe7 14. f4 c5 15. cxd5
exd5 16. Bb5 Red8 17. Ba6 Nf8 18. dxc5 bxc5 19. Bxb7 Qxb7 20. Qf3 c4 21. Nxc4
Rxc4 22. bxc4 Qxb2 23. Nxd5 Re8 24. Rac1 Qa3 25. Nxf6+ Bxf6 26. e4 Bd4+ 27. Kh1
Qxf3 28. gxf3 Be3 29. Rb1 Bxf4 30. Rb7 Rc8 31. Rxa7 Rxc4 32. Rd8 Kg7 33. Re8 Be3
34. Rb7 Rc1+ 35. Kg2 Rg1+ 36. Kh3 g5 37. Ree7 Kg6 38. Rxf7 Ne6 0-1

[Event "London Classic Superrapid"]
[Site "London ENG"]
[Date "2015.12.13"]
[Round "8.17"]
[White "Ghasi, Ameet K"]
[Black "Nguyen, Piotr"]
[Result "1-0"]
[WhiteTitle "IM"]
[WhiteElo "2469"]
[BlackElo "2329"]
[WhiteFideId "409200"]
[BlackFideId "1127993"]
[EventDate "2015.12.12"]

1. Nf3 c5 2. g3 Nc6 3. Bg2 e5 4. O-O g6 5. d3 Bg7 6. c4 Nge7 7. Nc3 d6 8. a3 a5
9. Bd2 O-O 10. Rb1 h6 11. Ne1 Be6 12. Nd5 Rb8 13. Nc2 b5 14. b4 axb4 15. axb4
bxc4 16. dxc4 cxb4 17. Ncxb4 Bf5 18. Nxc6 Nxc6 19. Rxb8 Qxb8 20. Qa4 Rc8 21. Be3
e4 22. h3 h5 23. Nb6 Rc7 24. Nd5 Rc8 25. Nb6 Rc7 26. Rd1 Ne5 27. Qa6 Ra7 28. Qb5
Ra2 29. Nd5 Qd8 30. Nc3 Rc2 31. Nxe4 Nxc4 32. Bg5 Qd7 33. Qb8+ Qc8 34. Qxc8+
Bxc8 35. Nxd6 Be6 36. Ne4 Bb2 37. Bf1 Kg7 38. Nc5 Bc8 39. Nd3 Ba3 40. Ra1 Bf5
41. Bf4 Be7 42. Rd1 Bf6 43. Nb4 Rb2 44. Nd5 Bc2 45. Rc1 Be7 46. Nxe7 1-0

[Event "London Classic Superrapid"]
[Site "London ENG"]
[Date "2015.12.13"]
[Round "8.18"]
[White "Bok, Benjamin"]
[Black "Hamitevici, Vladimir"]
[Result "0-1"]
[WhiteTitle "GM"]
[BlackTitle "IM"]
[WhiteElo "2591"]
[BlackElo "2430"]
[WhiteFideId "1017063"]
[BlackFideId "13902393"]
[EventDate "2015.12.12"]

1. e4 e5 2. Nf3 Nc6 3. Bb5 a6 4. Ba4 Nf6 5. O-O b5 6. Bb3 Bb7 7. d3 Be7 8. Nc3
O-O 9. a3 d6 10. Nd5 Nxd5 11. Bxd5 Qc8 12. Be3 Nd8 13. Bxb7 Qxb7 14. c3 Ne6 15.
Re1 Rfe8 16. a4 Bf6 17. Qb3 c5 18. g3 Qc6 19. axb5 axb5 20. Nd2 Nc7 21. h4 h6
22. Rec1 d5 23. Rxa8 Rxa8 24. Qd1 c4 25. dxc4 dxc4 26. b3 Ne8 27. bxc4 bxc4 28.
Rb1 Bd8 29. Qg4 Ba5 30. Ra1 Bxc3 31. Rxa8 Qxa8 32. Nxc4 Nf6 33. Qf5 Nxe4 34. Kh2
g6 35. Qf3 Qc6 36. Nd6 Qxd6 37. Qxe4 h5 38. Qa8+ Kh7 39. Kg2 Bd4 40. Bg5 Qe6 41.
Qe4 Qa2 42. Qf3 Qe6 43. Qe4 f6 44. Qb7+ Kg8 45. Qa8+ Kf7 46. Bh6 Qd7 47. Qf8+
Ke6 48. Qg8+ Qf7 49. Qc8+ Qd7 50. Qc4+ Qd5+ 51. Qxd5+ Kxd5 52. Kf3 Bc5 53. Bd2
Kd4 54. Be3+ Kc4 55. Bh6 Kd3 56. Kg2 Ke2 57. f3 f5 58. Bg5 Bd6 59. g4 hxg4 60.
fxg4 f4 61. h5 gxh5 62. gxh5 f3+ 63. Kg3 0-1

[Event "London Classic Superrapid"]
[Site "London ENG"]
[Date "2015.12.13"]
[Round "8.19"]
[White "Strugnell, Carl"]
[Black "Sadilek, Peter"]
[Result "1-0"]
[WhiteTitle "FM"]
[BlackTitle "FM"]
[WhiteElo "2242"]
[BlackElo "2280"]
[WhiteFideId "616753"]
[BlackFideId "1616439"]
[EventDate "2015.12.12"]

1. e4 d6 2. d4 Nf6 3. Bd3 e5 4. c3 d5 5. dxe5 Nxe4 6. Nd2 Nc5 7. Bc2 Nc6 8. Ngf3
Bg4 9. h3 Bh5 10. g4 Bg6 11. Nb3 Qd7 12. Be3 Nxb3 13. axb3 Bxc2 14. Qxc2 h5 15.
g5 Qe6 16. Qd3 a6 17. Bd4 O-O-O 18. Kf1 Be7 19. b4 Nxd4 20. Nxd4 Qxe5 21. b5 Qe4
22. Qxe4 dxe4 23. bxa6 bxa6 24. h4 Bc5 25. Nb3 Bb6 26. Ke2 e3 27. fxe3 Rhe8 28.
Rh3 Re4 29. Rxa6 Kb7 30. Ra3 Rde8 31. Nd4 Bxd4 32. cxd4 Rxd4 33. Rf3 Rxh4 34.
Rb3+ Kc8 35. Rxf7 Rh2+ 36. Kf3 Rh3+ 37. Kf2 Rh2+ 38. Kg3 Re2 39. Kf3 Re1 40.
Rxg7 Rf8+ 41. Ke4 Re8+ 42. Kf5 Rf1+ 43. Kg6 h4 44. Rc3 Re6+ 45. Kh5 h3 46.
Rcxc7+ Kb8 47. Rb7+ Kc8 48. Ra7 Kb8 49. Raf7 Rxf7 50. Rxf7 Rxe3 51. Rf2 Rg3 52.
Rh2 Kc7 53. Kh4 Rg2 54. Rxh3 Rxb2 55. Rd3 Rb6 56. Kh5 Ra6 57. g6 Ra1 58. Rd4 Rg1
59. Kh6 Rh1+ 60. Kg5 1-0

[Event "London Classic Superrapid"]
[Site "London ENG"]
[Date "2015.12.13"]
[Round "8.20"]
[White "Buckley, Graeme N"]
[Black "Emms, John M"]
[Result "1/2-1/2"]
[WhiteTitle "IM"]
[BlackTitle "GM"]
[WhiteElo "2342"]
[BlackElo "2463"]
[WhiteFideId "402265"]
[BlackFideId "400254"]
[EventDate "2015.12.12"]

1. b4 b6 2. Bb2 Bb7 3. e3 e6 4. Nf3 Nf6 5. a3 d5 6. c4 Nbd7 7. d3 Bd6 8. Nbd2
O-O 9. Be2 c5 10. b5 Qc7 11. Qc2 Ne5 12. h3 Rad8 13. O-O Nxf3+ 14. Bxf3 Be5 15.
Bxe5 Qxe5 16. a4 Qb8 17. a5 Rd7 18. Ra3 Rfd8 19. axb6 axb6 20. cxd5 Nxd5 21.
Bxd5 exd5 22. d4 Qd6 23. Rfa1 Rc7 24. Rc3 Rdc8 25. Qb2 h6 26. Ra7 cxd4 27. Rxc7
Rxc7 28. exd4 Bc8 29. Ra8 Kh7 30. Qb1+ g6 31. Nf3 Bf5 32. Qd1 Qf4 33. Ra1 Rc2
34. g3 Qe4 35. g4 Bxg4 36. hxg4 Qxg4+ 37. Kf1 Qh3+ 38. Kg1 Qg4+ 39. Kf1 Qh3+ 40.
Kg1 Qg4+ 1/2-1/2

[Event "London Classic Superrapid"]
[Site "London ENG"]
[Date "2015.12.13"]
[Round "9.2"]
[White "Hammer, Jon Ludvig"]
[Black "Melkumyan, Hrant"]
[Result "1/2-1/2"]
[WhiteTitle "GM"]
[BlackTitle "GM"]
[WhiteElo "2682"]
[BlackElo "2632"]
[WhiteFideId "1503707"]
[BlackFideId "13302485"]
[EventDate "2015.12.12"]

1. c4 c5 2. Nf3 Nc6 3. Nc3 Nf6 4. g3 g6 5. d4 cxd4 6. Nxd4 Bg7 7. Bg2 O-O 8. O-O
d6 9. Nxc6 bxc6 10. b3 d5 11. Bb2 Be6 12. cxd5 cxd5 13. Na4 Qa5 14. Rc1 Rfc8 15.
Bd4 Rxc1 16. Qxc1 Rc8 17. Qb2 Qb4 18. e3 Ne8 19. Bxg7 Nxg7 20. Rc1 Rxc1+ 21.
Qxc1 d4 22. Nc5 Bf5 23. e4 Be6 24. Bf1 a5 25. Nd3 Qb7 26. f3 f5 27. Qf4 fxe4 28.
fxe4 Qb6 29. Qe5 Qd8 30. Nc5 Bf7 31. Bd3 Ne8 32. Kg2 Nf6 33. Nb7 Qd7 34. Nc5 Qd8
35. h3 Kf8 36. g4 h6 37. Bb5 Qb6 38. Be2 Qd8 39. h4 Qd6 40. Qxd6 exd6 41. g5
hxg5 42. hxg5 Nh7 43. Nb7 Nxg5 44. Nxd6 Ke7 45. e5 Bd5+ 46. Kg3 Ke6 47. Kf4 Nh3+
48. Kg3 Kxe5 49. Nc4+ Bxc4 50. Bxc4 Nf4 51. Kf3 g5 52. a3 Nd5 53. Ba6 Ne3 54. b4
axb4 55. axb4 Nd5 56. b5 Nb6 57. Bb7 Nc4 58. Kg4 d3 59. Kxg5 Nd6 60. Bf3 Nxb5
61. Bd1 Ke4 62. Kh6 Nc3 63. Bb3 Ne2 64. Bc4 Ke3 65. Bxd3 Kxd3 1/2-1/2

[Event "London Classic Superrapid"]
[Site "London ENG"]
[Date "2015.12.13"]
[Round "9.4"]
[White "Lenderman, Aleksandr"]
[Black "Gharamian, Tigran"]
[Result "1-0"]
[WhiteTitle "GM"]
[BlackTitle "GM"]
[WhiteElo "2627"]
[BlackElo "2654"]
[WhiteFideId "2021285"]
[BlackFideId "13301527"]
[EventDate "2015.12.12"]

1. d4 Nf6 2. c4 e6 3. Nc3 Bb4 4. Qc2 d5 5. a3 Bxc3+ 6. Qxc3 dxc4 7. Qxc4 b6 8.
Bf4 O-O 9. Bxc7 Qd7 10. Bxb8 Rxb8 11. Nf3 Bb7 12. Ne5 Qd6 13. e3 Rfc8 14. Qb4
Qd8 15. Rd1 a5 16. Qb5 Ne4 17. Qe2 Rc7 18. f3 Qh4+ 19. g3 Nxg3 20. Qf2 Nf5 21.
e4 Rc2 22. Qxh4 Nxh4 23. Rd2 Rxd2 24. Kxd2 f6 25. Nc4 Nxf3+ 26. Ke3 Ng5 27. Nd6
Ba8 28. Bd3 f5 29. Rc1 fxe4 30. Nxe4 Nf7 31. Rc7 Kf8 32. Bc4 Bxe4 33. Kxe4 Nd6+
34. Ke5 Nxc4+ 35. Rxc4 Rd8 36. Kxe6 Re8+ 37. Kd7 Re7+ 38. Kd6 Re2 39. d5 Rxh2
40. Kc7 Ke7 41. d6+ Ke6 42. d7 Rd2 43. d8=Q Rxd8 44. Kxd8 g5 45. Rc6+ Kf7 46.
Rxb6 h5 47. b4 axb4 48. Rxb4 g4 49. a4 g3 50. a5 g2 51. Rb1 h4 52. a6 h3 53. a7
h2 54. a8=Q g1=Q 55. Rb7+ Kf6 56. Qa6+ Kf5 57. Rb5+ Kg4 58. Qe6+ Kh4 59. Qf6+
Kh3 60. Qf3+ 1-0

[Event "London Classic Superrapid"]
[Site "London ENG"]
[Date "2015.12.13"]
[Round "9.6"]
[White "Kasimdzhanov, Rustam"]
[Black "Eggleston, David J"]
[Result "0-1"]
[WhiteTitle "GM"]
[BlackTitle "IM"]
[WhiteElo "2702"]
[BlackElo "2399"]
[WhiteFideId "14200244"]
[BlackFideId "412120"]
[EventDate "2015.12.12"]

1. Nf3 Nf6 2. b3 b6 3. g3 Bb7 4. Bg2 e6 5. O-O Be7 6. Bb2 O-O 7. c4 d5 8. e3 c5
9. Qe2 Nc6 10. Rd1 Re8 11. d3 Qc7 12. Nc3 Rad8 13. Rac1 Qb8 14. d4 cxd4 15. exd4
dxc4 16. bxc4 Na5 17. Nb1 Rc8 18. Nbd2 Qa8 19. Bc3 Ba3 20. Rb1 Nc6 21. Qe3 Bf8
22. h3 Ne7 23. Ba1 Nf5 24. Qe2 Ne4 25. Nxe4 Bxe4 26. Rbc1 Red8 27. Ne1 Bxg2 28.
Nxg2 Nd6 29. Ne3 Qe4 30. Qg4 Qxg4 31. hxg4 Rd7 32. c5 Rdc7 33. Kg2 bxc5 34. d5
Rb7 35. Be5 exd5 36. Rxd5 Ne8 37. Rcd1 f6 38. Bc3 c4 39. Kf3 Rb6 40. Ra5 a6 41.
Rd7 Re6 42. Ra4 Rec6 43. Ra5 Nd6 44. a4 Ne8 45. g5 fxg5 46. Rxg5 R6c7 47. Rd1
Rb7 48. Rc1 Rf7+ 49. Ke2 Nd6 50. Re5 Rb8 51. Re6 Rb3 52. Rc2 Re7 53. Rxe7 Bxe7
54. Be5 c3 55. Kd3 Kf7 56. f4 h5 57. f5 Rb4 58. Rxc3 Rxa4 59. Rc7 Nb5 60. Rb7
Ra3+ 61. Ke4 Ra4+ 62. Kd5 Rb4 63. Kc6 Nd4+ 64. Bxd4 Rxd4 65. Nd5 Re4 66. Ra7 Re5
67. Rb7 a5 68. Ra7 a4 69. f6 gxf6 70. Rxa4 Re6+ 71. Kb5 Bd6 72. Nf4 0-1

[Event "London Classic Superrapid"]
[Site "London ENG"]
[Date "2015.12.13"]
[Round "9.7"]
[White "Hawkins, Jonathan"]
[Black "McDonald, Neil"]
[Result "1-0"]
[WhiteTitle "GM"]
[BlackTitle "GM"]
[WhiteElo "2563"]
[BlackElo "2415"]
[WhiteFideId "412686"]
[BlackFideId "400629"]
[EventDate "2015.12.12"]

1. Nf3 f5 2. d3 Nf6 3. e4 d6 4. Nc3 g6 5. exf5 Bxf5 6. d4 Bg7 7. Bd3 Qd7 8. O-O
O-O 9. Re1 Bg4 10. h3 Bh5 11. Bc4+ d5 12. Ne5 Qd8 13. Be2 Bxe2 14. Qxe2 c6 15.
a4 Nbd7 16. Nf3 c5 17. Nxd5 Nxd5 18. Qe6+ Kh8 19. Qxd5 Rf5 20. Qxb7 cxd4 21.
Rxe7 Nc5 22. Qc7 Qf8 23. b4 Rc8 24. Qxa7 Ra8 25. Qc7 Rc8 26. Rxg7 Rxc7 27. Rxc7
Ne6 28. Rc6 Qe8 29. b5 Qd7 30. Ra3 Kg8 31. Rd3 Rd5 32. Rc4 Qd6 33. Ba3 Qd7 34.
Bb2 Nf4 35. Rd2 Nxh3+ 36. gxh3 Qxh3 37. Rcxd4 Rh5 38. Rd8+ Kf7 39. R2d7+ Ke6 40.
Nd4+ Kf6 41. Rf8+ Kg5 42. Bc1+ Kg4 43. Rf4+ Kg5 44. Rf3+ 1-0

[Event "London Classic Superrapid"]
[Site "London ENG"]
[Date "2015.12.13"]
[Round "9.8"]
[White "Bauer, Christian"]
[Black "Wells, Peter K"]
[Result "1-0"]
[WhiteTitle "GM"]
[BlackTitle "GM"]
[WhiteElo "2626"]
[BlackElo "2442"]
[WhiteFideId "603767"]
[BlackFideId "400327"]
[EventDate "2015.12.12"]

1. e4 c5 2. Nf3 Nc6 3. Bb5 e6 4. c3 Nf6 5. Bxc6 bxc6 6. e5 Nd5 7. d3 Be7 8. c4
Nc7 9. Nc3 f6 10. exf6 Bxf6 11. Ne4 O-O 12. Nxc5 d5 13. O-O e5 14. cxd5 cxd5 15.
Qa4 Be7 16. Nb3 Rxf3 17. gxf3 Bh3 18. Be3 Qf8 19. Nd2 Qf6 20. Kh1 d4 21. Rg1
dxe3 22. fxe3 Nd5 23. Rg3 Be6 24. Rag1 g6 25. Qe4 Kg7 26. Rg5 Rd8 27. Rxe5 Bf7
28. Nc4 Bc5 29. d4 Nxe3 30. Nxe3 Rxd4 31. Nf5+ Kg8 32. Nxd4 Bxd4 33. Qxd4 1-0

[Event "London Classic Superrapid"]
[Site "London ENG"]
[Date "2015.12.13"]
[Round "9.9"]
[White "Pert, Nicholas"]
[Black "Summerscale, Aaron P"]
[Result "1-0"]
[WhiteTitle "GM"]
[BlackTitle "GM"]
[WhiteElo "2569"]
[BlackElo "2418"]
[WhiteFideId "403989"]
[BlackFideId "400980"]
[EventDate "2015.12.12"]

1. d4 g6 2. g3 Bg7 3. Bg2 d6 4. Nf3 Nd7 5. c4 e5 6. Nc3 Ne7 7. dxe5 dxe5 8. O-O
O-O 9. Qc2 Nf5 10. e3 c6 11. b3 Re8 12. Ba3 Qa5 13. Bb2 Nc5 14. Rad1 Be6 15. Ng5
h6 16. Nxe6 Nxe6 17. a3 Qc7 18. b4 h5 19. c5 Rad8 20. Ne4 Qe7 21. Bh3 Nh6 22.
Nd6 Rf8 23. Bxe6 Qxe6 24. Nxb7 Rd5 25. Nd6 h4 26. e4 Rxd1 27. Qxd1 Kh7 28. Qe2
Qh3 29. Qf3 f5 30. Qg2 Qg4 31. exf5 gxf5 32. Qxc6 Qe2 33. Bc1 Ng4 34. Qg2 e4 35.
Qh3 Kg6 36. gxh4 Be5 37. Qg2 Kh7 38. Kh1 Nxh2 39. Rg1 Ng4 40. Nxe4 Qxe4 41. f3
Qd3 42. fxg4 f4 43. Re1 f3 44. Qd2 f2 45. Qxd3+ 1-0

[Event "London Classic Superrapid"]
[Site "London ENG"]
[Date "2015.12.13"]
[Round "9.10"]
[White "D'Costa, Lorin A R"]
[Black "Edouard, Romain"]
[Result "0-1"]
[WhiteTitle "IM"]
[BlackTitle "GM"]
[WhiteElo "2420"]
[BlackElo "2635"]
[WhiteFideId "409219"]
[BlackFideId "633429"]
[EventDate "2015.12.12"]

1. c4 e5 2. g3 h5 3. h4 Nc6 4. Bg2 Bc5 5. Nc3 d6 6. d3 Nge7 7. Nf3 a6 8. a3 Bg4
9. b4 Ba7 10. Bb2 Qd7 11. Rc1 O-O 12. O-O f5 13. Kh2 f4 14. Qd2 Nf5 15. Nd5 Bxf2
16. gxf4 Bg3+ 17. Kg1 exf4 18. Nxf4 Ne3 19. Qxe3 Bxf4 20. Qe4 Bxc1 21. Rxc1 Rae8
22. Qd5+ Kh8 23. b5 Rxe2 24. bxc6 bxc6 25. Qd4 Bxf3 26. Bh3 Qe7 0-1

[Event "London Classic Superrapid"]
[Site "London ENG"]
[Date "2015.12.13"]
[Round "9.11"]
[White "Roberson, Peter T"]
[Black "Ghasi, Ameet K"]
[Result "0-1"]
[WhiteTitle "IM"]
[BlackTitle "IM"]
[WhiteElo "2408"]
[BlackElo "2469"]
[WhiteFideId "412384"]
[BlackFideId "409200"]
[EventDate "2015.12.12"]

1. e4 g6 2. d4 d6 3. Be3 c6 4. Qd2 Qb6 5. c3 Nf6 6. f3 Nbd7 7. Bd3 Bg7 8. Ne2
O-O 9. Na3 Qc7 10. Bh6 c5 11. Bxg7 Kxg7 12. O-O e5 13. d5 a6 14. c4 Qd8 15. Nc2
h5 16. Ne3 Qe7 17. Ng3 Nb6 18. f4 exf4 19. Rxf4 Ng4 20. Nxg4 hxg4 21. Raf1 Qe5
22. Rf6 Bd7 23. Kh1 Rae8 24. Qf2 Re7 25. Ne2 Be8 26. b3 Rh8 27. Rf4 Nd7 28. Ng3
Qg5 29. Ne2 Ne5 30. Bc2 Qh5 31. Qg3 Qh4 32. Qxh4 Rxh4 33. Rf6 Rd7 34. Kg1 Rd8
35. Ng3 b5 36. cxb5 Bxb5 37. R1f2 a5 38. Nf1 Nf3+ 39. R6xf3 gxf3 40. gxf3 c4 41.
bxc4 Bxc4 42. a3 Rc8 43. Ne3 Bb5 44. a4 Bd7 45. Nd1 Rc4 46. Nb2 Rb4 47. Nd3 Rd4
48. Nb2 Rh8 49. Kf1 Rb8 50. Nd1 Bxa4 51. Bxa4 Rxa4 52. Rd2 Ra3 53. Ke2 a4 54.
Ne3 Rc3 55. e5 dxe5 56. d6 Rd8 57. Ng4 f6 58. Nf2 f5 59. Nd1 Rc6 60. Nb2 a3 61.
Na4 Rcxd6 62. Ra2 Rd2+ 63. Rxd2 Rxd2+ 64. Kxd2 a2 0-1

[Event "London Classic Superrapid"]
[Site "London ENG"]
[Date "2015.12.13"]
[Round "9.12"]
[White "Dragun, Kamil"]
[Black "Grigoriants, Sergey"]
[Result "0-1"]
[WhiteTitle "GM"]
[BlackTitle "GM"]
[WhiteElo "2564"]
[BlackElo "2603"]
[WhiteFideId "1134167"]
[BlackFideId "4130804"]
[EventDate "2015.12.12"]

1. d4 Nf6 2. c4 e6 3. Nf3 d5 4. Nc3 c5 5. cxd5 Nxd5 6. e3 Nc6 7. Bd3 cxd4 8.
exd4 Bb4 9. Bd2 O-O 10. O-O Nf6 11. Bg5 Be7 12. Rc1 Nd5 13. Bxe7 Ncxe7 14. Ne5
b6 15. Nxd5 Nxd5 16. Nc6 Qd6 17. Be4 Nf6 18. Bf3 Bb7 19. Re1 Rac8 20. Qa4 Bxc6
21. Bxc6 Rc7 22. Rc3 Rd8 23. Rd1 g6 24. g3 Kg7 25. Bf3 Rcd7 26. Kg2 Qe7 27. Rc4
Nd5 28. Qc2 Qf6 29. b4 b5 30. Rc5 Nxb4 31. Qb3 Rxd4 32. Rxd4 Rxd4 33. Rxb5 Rd3
34. Qxb4 Qxf3+ 35. Kh3 Qxf2 0-1